000 00895nam a22002297a 4500
003 OSt
005 20250910110719.0
008 240815b ||||| |||| 00| 0 eng d
040 _c0
082 _aDPer 510.5 Am351 October-December 2019 v. 141 n. 5-6
100 _aKamgarpour, Masoud.
_eauthor.
_957916
245 _aA geometric analogue of a conjecture of gross and reeder /
_cMasoud Kamgarpour and Daniel S. Sage.
260 _aBaltimore, Maryland U.S. ;
_bJohns Hopkins University Press ,
_cOctober 2019.
300 _aVolume 141, pages 1457-1476 :
_billustration ;
_c26 cm.
500 _aAmerican Journals of Mathematics, vol. 141 no. 5, pages 1457-1476, October 2019.
650 _aMathematics.
_960504
650 _aGeometry.
_960505
650 _aAlgebra.
_960506
700 _aKamgarpour, Masoud.
_eauthor.
_957917
700 _aSage, Daniel S.
_eauthor.
_957918
942 _2ddc
_cPER
999 _c20505
_d20505